Presidenti degli Stati Uniti - Statistics

Statistiche generali
  • Questo quiz è stato fatto 281 volte
  • Il punteggio medio è 11 su 45
Statistiche sulle risposte
Anni Presidente % Corretto
2017- Donald Trump
85%
2009-2017 Barack Obama
82%
1789-1797 George Washington
79%
1993-2001 Bill Clinton
57%
2001-2009 George W. Bush
56%
1861-1865 Abraham Lincoln
55%
1981-1989 Ronald Reagan
50%
1961-1963 John Fitzgerald Kennedy
48%
1969-1974 Richard Nixon
45%
1933-1945 Franklin Delano Roosevelt
44%
1801-1809 Thomas Jefferson
43%
1901-1909 Theodore Roosevelt
36%
1945-1953 Harry Truman
33%
1977-1981 Jimmy Carter
31%
1797-1801 John Adams
29%
1989-1993 George H. W. Bush
28%
1953-1961 Dwight Eisenhower
23%
1963-1969 Lyndon B. Johnson
22%
1974-1977 Gerald Ford
19%
1913-1921 Woodrow Wilson
19%
1817-1825 James Monroe
16%
1829-1837 Andrew Jackson
15%
1809-1817 James Madison
15%
1825-1829 John Quincy Adams
15%
1923-1929 Calvin Coolidge
11%
1885-1889 Grover Cleveland
11%
1893-1897 Grover Cleveland
11%
1929-1933 Herbert Hoover
11%
1841-1845 John Tyler
11%
1837-1841 Martin Van Buren
11%
1869-1877 Ulysses S. Grant
11%
1865-1869 Andrew Johnson
10%
1897-1901 William McKinley
10%
1849-1850 Zachary Taylor
10%
1889-1893 Benjamin Harrison
9%
1857-1861 James Buchanan
9%
1845-1849 James Polk
9%
1841-1841 William Henry Harrison
9%
1881-1885 Chester Arthur
8%
1850-1853 Millard Fillmore
8%
1877-1884 Rutherford B. Hayes
8%
1921-1923 Warren G. Harding
8%
1909-1913 William Howard Taft
8%
1853-1857 Franklin Pierce
7%
1881-1881 James A. Garfield
7%
Nessun quiz corrispondente trovato
Distribuzione punteggi
Percentuale di utenti per punteggio
Percentile per numero di risposta
I tuoi punteggi nel tempo
Non hai fatto questo quiz